All Liszt's Transcendental Études - Statistics

General Stats
  • This quiz has been taken 22 times
  • The average score is 8 of 12
Answer Stats
The Étude Number Etude Name % Correct
4 Mazeppa
94%
12 Chasse-neige
81%
5 Feux Follets
81%
3 Paysage
81%
8 Wilde Jagd
75%
7 Eroica
69%
11 Harmonies du soir
63%
1 Preludio
56%
9 Ricordanza
56%
6 Vision
56%
2 Fuseés (molto vivace)
50%
10 Appasionata (allegro agitato molto)
44%
No matching quizzes found
Score Distribution
Percent of People with Each Score
Percentile by Number Answered
Your Score History
You have not taken this quiz